[Event "Campeonato del Mundo Femenino 2010"]
[Site "Antakya TUR"]
[Date "2010.12.06"]
[Round "12.1"]
[White "Baginskaite, Camilla"]
[Black "Ruan, Lufei"]
[Result "1/2-1/2"]
[WhiteElo "2336"]
[BlackElo "2480"]
[PlyCount "110"]
[EventDate "2010.12.02"]
[EventType "match"]
[EventRounds "6"]
[EventCountry "TUR"]
[Source "lmi"]
[SourceDate "2010.12.02"]

1. d4 d5 2. c4 c6 3. Nf3 Nf6 4. Nc3 dxc4 5. a4 Bf5 6. e3 e6 7. Bxc4 Bb4 8. O-O
Nbd7 9. Qb3 a5 10. Nh4 Bg6 11. Nxg6 hxg6 12. h3 Qc7 13. e4 O-O 14. e5 Nd5 15.
Ne4 N7b6 16. Be2 c5 17. dxc5 Nd7 18. f4 Nxc5 19. Nxc5 Qxc5+ 20. Kh2 Rac8 21.
Bd3 Rfd8 22. Be4 Rd7 23. Qf3 b6 24. h4 Qe7 25. g3 f5 26. exf6 Qxf6 27. Qg4 Ne7
28. Be3 Bc5 29. Bxc5 Rxc5 30. Rf2 Rc4 31. Re2 Rcd4 32. Rae1 Rd2 33. Kh3 Nf5 34.
Bxf5 Qxf5 35. Qxf5 exf5 36. h5 gxh5 37. Kh4 Kf7 38. Kxh5 R2d6 39. g4 fxg4 40.
Kxg4 Rd2 41. Kf5 R7d5+ 42. Kg4 Rxe2 43. Rxe2 Rd4 44. Rc2 Rxa4 45. Rc7+ Kf6 46.
Rc6+ Kf7 47. Rxb6 Rb4 48. Rxb4 axb4 49. Kf5 b3 50. Kg5 g6 51. f5 gxf5 52. Kxf5
Ke7 53. Ke5 Kd7 54. Kd5 Kc7 55. Kc4 Kc6 1/2-1/2

[Event "Campeonato del Mundo Femenino 2010"]
[Site "Antakya TUR"]
[Date "2010.12.06"]
[Round "12.2"]
[White "Zhang, Xiaowen"]
[Black "Mkrtchian, Lilit"]
[Result "1-0"]
[WhiteElo "2339"]
[BlackElo "2479"]
[PlyCount "121"]
[EventDate "2010.12.02"]
[EventType "match"]
[EventRounds "6"]
[EventCountry "TUR"]
[Source "lmi"]
[SourceDate "2010.12.02"]

1. e4 c5 2. Nf3 e6 3. d4 cxd4 4. Nxd4 Nc6 5. Nb5 d6 6. c4 a6 7. N5c3 Nf6 8. Be2
b6 9. Be3 Bb7 10. f3 Nd7 11. O-O Be7 12. Qd2 O-O 13. Na3 Rc8 14. Rfd1 Qc7 15.
Rac1 Qb8 16. Bf1 Nce5 17. Qf2 Bd8 18. Kh1 Bc7 19. Nc2 Kh8 20. Nd4 Rg8 21. Qd2
Nf6 22. b3 Ned7 23. Nde2 Ba8 24. Bf4 Ne5 25. a4 h6 26. Ng3 g5 27. Be3 Rg6 28.
Nce2 Rcg8 29. Bd4 Kh7 30. Nc3 h5 31. Nge2 g4 32. f4 Nf3 33. gxf3 gxf3 34. f5
exf5 35. exf5 fxe2+ 36. Nd5 exf1=Q+ 37. Rxf1 Rg2 38. Nxf6+ Kg7 39. Nd5+ Kh7 40.
Nf6+ Kg7 41. Nd5+ Kf8 42. Qh6+ Ke8 43. Qf6 Qd8 44. Rfe1+ Kd7 45. Qxf7+ Kc8 46.
Re7 Kb8 47. Rce1 Bc6 48. f6 R2g5 49. Rg1 Qc8 50. Qe6 Qxe6 51. Rxe6 Rxg1+ 52.
Bxg1 Kc8 53. Be3 Rf8 54. Kg1 b5 55. axb5 axb5 56. Bg5 bxc4 57. bxc4 Bd7 58. Re7
h4 59. Bh6 Rg8+ 60. Rg7 Re8 61. f7 1-0

[Event "Campeonato del Mundo Femenino 2010"]
[Site "Antakya TUR"]
[Date "2010.12.06"]
[Round "12.3"]
[White "Zawadzka, Jolanta POL"]
[Black "Paehtz, Elisabeth GER"]
[Result "0-1"]
[WhiteElo "2368"]
[BlackElo "2474"]
[PlyCount "60"]
[EventDate "2010.12.02"]
[EventType "match"]
[EventRounds "6"]
[EventCountry "TUR"]
[Source "lmi"]
[SourceDate "2010.12.02"]

1. e4 c6 2. d4 d5 3. e5 Bf5 4. Nd2 e6 5. Nb3 Nd7 6. Nf3 Ne7 7. Be2 Qc7 8. O-O
f6 9. Re1 O-O-O 10. Bf4 Ng6 11. Bg3 fxe5 12. c4 Bb4 13. Nbd2 dxc4 14. a3 Bxd2
15. Qxd2 Nb6 16. Qa5 Rd5 17. Qxa7 Kd7 18. Nxe5+ Nxe5 19. Bf3 Ra8 20. Qxa8 Nxf3+
21. gxf3 Nxa8 22. Bxc7 Nxc7 23. Red1 Nb5 24. Rac1 Nxd4 25. Kg2 Bd3 26. h4 Rb5
27. b4 Rd5 28. a4 Ne2 29. Ra1 c3 30. Re1 c2 0-1

[Event "Campeonato del Mundo Femenino 2010"]
[Site "Antakya TUR"]
[Date "2010.12.06"]
[Round "12.4"]
[White "Hoang Thanh Trang"]
[Black "Ding, Yixin"]
[Result "1-0"]
[WhiteElo "2473"]
[BlackElo "2370"]
[PlyCount "61"]
[EventDate "2010.12.02"]
[EventType "match"]
[EventRounds "6"]
[EventCountry "TUR"]
[Source "lmi"]
[SourceDate "2010.12.02"]

1. d4 Nf6 2. Bf4 e6 3. e3 c5 4. Nf3 b6 5. Nc3 d6 6. dxc5 e5 7. Bg5 dxc5 8.
Qxd8+ Kxd8 9. Nxe5 Be6 10. O-O-O+ Kc8 11. Bc4 Bxc4 12. Nxc4 Nbd7 13. f3 h6 14.
Bxf6 gxf6 15. Nd6+ Bxd6 16. Rxd6 Rg8 17. g3 Ne5 18. Rxf6 Kd7 19. f4 Ng4 20.
Rxf7+ Ke6 21. Rh7 Kf6 22. e4 Kg6 23. Rd7 Rgd8 24. Rxd8 Rxd8 25. h3 Nf6 26. Rd1
Re8 27. Rd6 Kg7 28. e5 Nh5 29. Ne4 Re7 30. Kd2 b5 31. Ke3 1-0

[Event "Campeonato del Mundo Femenino 2010"]
[Site "Antakya TUR"]
[Date "2010.12.06"]
[Round "12.5"]
[White "Huang, Qian"]
[Black "Ushenina, Anna"]
[Result "1/2-1/2"]
[WhiteElo "2402"]
[BlackElo "2460"]
[PlyCount "241"]
[EventDate "2010.12.02"]
[EventType "match"]
[EventRounds "6"]
[EventCountry "TUR"]
[Source "lmi"]
[SourceDate "2010.12.02"]

1. d4 d5 2. Nf3 c6 3. c4 e6 4. Qc2 dxc4 5. Qxc4 Nf6 6. Bg5 b5 7. Qc2 Bb7 8. e3
Nbd7 9. Nc3 Rc8 10. a4 a6 11. Bd3 h6 12. Bh4 Be7 13. O-O Qb6 14. Ne4 c5 15.
dxc5 Nxc5 16. Nxc5 Rxc5 17. Qe2 O-O 18. axb5 axb5 19. Nd4 b4 20. Rac1 Rfc8 21.
Rxc5 Qxc5 22. Ba6 Qb6 23. Bxb7 Qxb7 24. Rd1 Qe4 25. Bg3 Nd5 26. h3 Bf6 27. Qd3
Qxd3 28. Rxd3 Rc1+ 29. Kh2 Rb1 30. e4 Nb6 31. Nc6 Rc1 32. Nxb4 Rc4 33. Rb3 Rxe4
34. Nc6 Nd5 35. Rb8+ Kh7 36. b4 h5 37. b5 h4 38. Bd6 Rc4 39. Ne5 Bxe5+ 40. Bxe5
Rb4 41. Bd6 Rb2 42. Bc5 Rc2 43. Bd4 Rc4 44. Be5 Rb4 45. Bd6 Rb2 46. Bc5 Kg6 47.
b6 Rb5 48. Bd4 f6 49. b7 Kf5 50. Ba7 e5 51. Kg1 Nf4 52. Be3 Nd5 53. Rd8 Rb1+
54. Kh2 Nxe3 55. b8=Q Nf1+ 56. Kg1 Rxb8 57. Rxb8 Nd2 58. Rd8 Ne4 59. Kf1 g5 60.
Ke2 Nc3+ 61. Ke3 Nb5 62. Ra8 Nd4 63. Ra6 Nc2+ 64. Kd2 Nb4 65. Rd6 e4 66. Rd4
Nc6 67. Ra4 Kf4 68. Ke2 f5 69. Rc4 Ne5 70. Rc8 Nd3 71. Rf8 Nc1+ 72. Ke1 Nb3 73.
Rd8 Nc5 74. Ke2 Ne6 75. Rd5 g4 76. hxg4 Kxg4 77. Rd7 Nf4+ 78. Kf1 Ne6 79. Rd6
Ng5 80. Rh6 h3 81. gxh3+ Nxh3 82. Rg6+ Kf4 83. Ke2 Ng5 84. Rg8 Nf3 85. Kf1 Ne5
86. Ke2 Ng4 87. Rg7 Ne5 88. Rg8 Nd3 89. Rf8 Nc1+ 90. Kf1 Kg4 91. Rg8+ Kf3 92.
Rg3+ Kf4 93. Rg8 Nb3 94. Rf8 Nd4 95. Kg2 Ke5 96. Re8+ Kf4 97. Rf8 Nc2 98. Kf1
Nb4 99. Ke2 Nd5 100. Kf1 Ke5 101. Ke2 f4 102. Re8+ Kd4 103. Rd8 Kc4 104. Re8
Nc3+ 105. Kd2 Kd4 106. Rd8+ Nd5 107. Ke2 Ke5 108. Re8+ Kd4 109. Rd8 Kc4 110.
Re8 f3+ 111. Kd2 Kd4 112. Rd8 Ke5 113. Re8+ Kf4 114. Rf8+ Kg5 115. Rg8+ Kf6
116. Re8 Kf5 117. Rf8+ Kg6 118. Re8 Nf6 119. Ke3 Nxe8 120. Kxe4 Nd6+ 121. Kxf3
1/2-1/2

[Event "Campeonato del Mundo Femenino 2010"]
[Site "Antakya TUR"]
[Date "2010.12.06"]
[Round "12.7"]
[White "Munguntuul, Batkhuyag"]
[Black "Dembo, Yelena"]
[Result "0-1"]
[WhiteElo "2409"]
[BlackElo "2454"]
[PlyCount "96"]
[EventDate "2010.12.02"]
[EventType "match"]
[EventRounds "6"]
[EventCountry "TUR"]
[Source "lmi"]
[SourceDate "2010.12.02"]

1. e4 c5 2. Nf3 d6 3. d4 cxd4 4. Nxd4 Nf6 5. Nc3 Nc6 6. Bg5 e6 7. Qd2 a6 8.
O-O-O Bd7 9. f3 h6 10. Be3 b5 11. g4 Ne5 12. a3 Qb8 13. h4 Qb7 14. Kb1 Rb8 15.
Qc1 Be7 16. Be2 Nc4 17. Bxc4 bxc4 18. g5 Nh5 19. Nde2 Bc6 20. Ka1 hxg5 21. hxg5
g6 22. Ng3 Qc7 23. Nxh5 gxh5 24. Rh3 Qa5 25. Bd2 Qb6 26. Rdh1 d5 27. exd5 exd5
28. Rxh5 Rxh5 29. Rxh5 d4 30. Rh8+ Kd7 31. Rxb8 Qxb8 32. Ne4 Qh2 33. Bf4 Qe2
34. Qg1 d3 35. Qd4+ Ke8 36. Qh8+ Kd7 37. Qh3+ Kd8 38. Qh8+ Kd7 39. Qb8 Bxe4 40.
Qc7+ Ke8 41. Qc8+ Bd8 42. fxe4 Qf1+ 43. Ka2 Qxf4 44. Qc6+ Ke7 45. cxd3 cxd3 46.
Qc3 Qxe4 47. Qd2 Qd5+ 48. Kb1 Kd7 0-1

[Event "Campeonato del Mundo Femenino 2010"]
[Site "Antakya TUR"]
[Date "2010.12.06"]
[Round "13.6"]
[White "Foisor, Cristina-Adela"]
[Black "Skripchenko, Almira"]
[Result "1/2-1/2"]
[WhiteElo "2403"]
[BlackElo "2460"]
[PlyCount "92"]
[EventDate "2010.12.02"]
[EventType "match"]
[EventRounds "6"]
[EventCountry "TUR"]
[Source "lmi"]
[SourceDate "2010.12.02"]

1. c4 e5 2. g3 Nf6 3. Bg2 d5 4. cxd5 Nxd5 5. Nf3 Nc6 6. d3 Be7 7. O-O Nb6 8. b3
e4 9. dxe4 Qxd1 10. Rxd1 Bf6 11. e5 Nxe5 12. Nd4 O-O 13. Nc3 c5 14. Nc2 Nc6 15.
Bb2 Bg4 16. Bxc6 bxc6 17. Rd2 c4 18. Ne3 Be6 19. bxc4 Nxc4 20. Nxc4 Bxc4 21.
Ne4 Be7 22. Rc2 Bd5 23. Nc5 Bxc5 24. Rxc5 Rfe8 25. Rc2 Rab8 26. f3 f5 27. Kf2
Kf7 28. Bd4 a5 29. Rc5 Rb5 30. Rac1 Reb8 31. R1c2 Rxc5 32. Bxc5 Rb5 33. Bd4 Rb4
34. Ke3 Ra4 35. Rb2 Rb4 36. a3 Rxb2 37. Bxb2 a4 38. Kd4 Ke6 39. e4 fxe4 40.
fxe4 Bb3 41. Kc5 g6 42. Kxc6 Bc2 43. Kb5 Bb3 44. g4 h5 45. g5 Bd1 46. Bf6 Bb3
1/2-1/2

[Event "Campeonato del Mundo Femenino 2010"]
[Site "Antakya TUR"]
[Date "2010.12.06"]
[Round "13.6"]
[White "Skripchenko, Almira"]
[Black "Foisor, Cristina-Adela"]
[Result "1-0"]
[WhiteElo "2460"]
[BlackElo "2403"]
[PlyCount "101"]
[EventDate "2010.12.02"]
[EventType "match"]
[EventRounds "6"]
[EventCountry "TUR"]
[Source "lmi"]
[SourceDate "2010.12.02"]

1. e4 c6 2. d4 g6 3. Nf3 d5 4. e5 Bg7 5. Bd3 Na6 6. c3 Nc7 7. O-O Nh6 8. Re1
O-O 9. Nbd2 f6 10. exf6 exf6 11. Nf1 Bg4 12. h3 Bxf3 13. Qxf3 Qd7 14. Ng3 Rae8
15. Bd2 Rxe1+ 16. Rxe1 Re8 17. Rd1 Nf7 18. h4 Nd6 19. h5 f5 20. hxg6 hxg6 21.
Ne2 Ne4 22. Bc1 Ne6 23. Bc2 Qe7 24. Nf4 Nxf4 25. Bxf4 Qh4 26. g3 Qh3 27. Bd3
Kf7 28. Qg2 Qxg2+ 29. Kxg2 Rh8 30. f3 Nf6 31. a4 Nd7 32. a5 a6 33. Ra1 Bf8 34.
Re1 Be7 35. Rf1 Bd8 36. g4 Bxa5 37. gxf5 gxf5 38. Bxf5 Nf6 39. Be5 Bd8 40. Bc8
Rg8+ 41. Kf2 b6 42. Bxa6 Nd7 43. Bg3 Rh8 44. Bc8 Nf8 45. Bb7 Rh6 46. Ra1 Ne6
47. Bxc6 Bc7 48. Bxd5 Bxg3+ 49. Kxg3 Kf6 50. Ra6 Rg6+ 51. Kf2 1-0

[Event "Campeonato del Mundo Femenino 2010"]
[Site "Antakya TUR"]
[Date "2010.12.07"]
[Round "21.4"]
[White "Kosintseva, Tatiana"]
[Black "Dembo, Yelena"]
[Result "0-1"]
[WhiteElo "2581"]
[BlackElo "2454"]
[PlyCount "80"]
[EventDate "2010.12.02"]
[EventType "match"]
[EventRounds "6"]
[EventCountry "TUR"]
[Source "lmi"]
[SourceDate "2010.12.02"]

1. e4 c5 2. Nf3 d6 3. d4 cxd4 4. Nxd4 Nf6 5. Nc3 Nc6 6. Bg5 e6 7. Qd2 a6 8.
O-O-O Bd7 9. f3 h6 10. Be3 b5 11. Kb1 Ne5 12. Bd3 Be7 13. g4 b4 14. Nce2 d5 15.
exd5 Nxd5 16. Nf4 Nxe3 17. Qxe3 Qa5 18. h4 Nxd3 19. Nxd3 Qc7 20. Ne5 Rd8 21. g5
g6 22. Qe4 h5 23. Ndc6 Bxc6 24. Rxd8+ Qxd8 25. Nxc6 Qd6 26. Ne5 Qd5 27. Qxd5
exd5 28. Rd1 Bc5 29. Rxd5 Bf2 30. Rd8+ Kxd8 31. Nxf7+ Ke8 32. Nxh8 Bxh4 33. Kc1
Bg3 34. Kd1 Kf8 35. Nxg6+ Kf7 36. Nh8+ Kg7 37. Ke2 Be5 38. c4 bxc3 39. bxc3
Kxh8 40. c4 Bf4 0-1

[Event "Campeonato del Mundo Femenino 2010"]
[Site "Antakya TUR"]
[Date "2010.12.07"]
[Round "21.7"]
[White "Ovod, Evgenija"]
[Black "Muzychuk, Anna"]
[Result "0-1"]
[WhiteElo "2387"]
[BlackElo "2530"]
[PlyCount "82"]
[EventDate "2010.12.02"]
[EventType "match"]
[EventRounds "6"]
[EventCountry "TUR"]
[Source "lmi"]
[SourceDate "2010.12.02"]

1. c4 f5 2. g3 Nf6 3. Bg2 g6 4. Nc3 Bg7 5. e3 O-O 6. Nge2 d6 7. O-O c6 8. d3 a5
9. b3 Na6 10. Qd2 Bd7 11. Bb2 Rb8 12. e4 Nc5 13. Rad1 Qc7 14. h3 e5 15. exf5
Bxf5 16. d4 Nd3 17. dxe5 dxe5 18. g4 Nxb2 19. Qxb2 Be6 20. Qd2 Rbd8 21. Qe3 h5
22. g5 Nd7 23. Ne4 Nb6 24. a4 Nc8 25. Nc5 Bf7 26. Be4 Ne7 27. h4 Qc8 28. Rxd8
Rxd8 29. Bc2 b6 30. Nd3 Qg4+ 31. Ng3 Nf5 32. Qe4 Qxh4 33. Qxh4 Nxh4 34. f3 Be6
35. Kf2 Nf5 36. Ne4 Nd4 37. Ne1 Bf5 38. Ke3 Kf7 39. Bd1 Bf8 40. Nd3 Ke6 41. f4
Bxe4 0-1

[Event "Campeonato del Mundo Femenino 2010"]
[Site "Antakya TUR"]
[Date "2010.12.07"]
[Round "21.9"]
[White "Shadrina, Tatiana"]
[Black "Harika, Dronavalli"]
[Result "0-1"]
[WhiteElo "2384"]
[BlackElo "2525"]
[PlyCount "86"]
[EventDate "2010.12.02"]
[EventType "match"]
[EventRounds "6"]
[EventCountry "TUR"]
[Source "lmi"]
[SourceDate "2010.12.02"]

1. e4 e5 2. Nf3 Nc6 3. Bb5 f5 4. d3 fxe4 5. dxe4 Nf6 6. Nc3 Bb4 7. Qd3 Bxc3+ 8.
Qxc3 Nxe4 9. Qe3 d5 10. Nxe5 O-O 11. Bxc6 bxc6 12. O-O Ba6 13. Nd3 Qf6 14. f3
Nd6 15. Qc5 Ne4 16. Qe3 Nd6 17. Qc5 Nf5 18. Re1 Rae8 19. Bd2 Bxd3 20. cxd3 Qxb2
21. Bc3 Qb6 22. Bb4 Rxe1+ 23. Rxe1 Rb8 24. g4 Nd4 25. Qxb6 axb6 26. Re7 c5 27.
Bc3 Kf8 28. Re3 Ra8 29. Bxd4 cxd4 30. Re2 Ra3 31. Rd2 Ke7 32. Kf2 Kd6 33. f4 c5
34. Ke2 b5 35. Rb2 Kc6 36. Rd2 c4 37. h4 Kc5 38. f5 Kd6 39. Rb2 Rxd3 40. Rxb5
Rh3 41. a4 d3+ 42. Kf2 d2 43. Ke2 c3 0-1

[Event "Campeonato del Mundo Femenino 2010"]
[Site "Antakya TUR"]
[Date "2010.12.07"]
[Round "21.10"]
[White "Ju, Wenjun"]
[Black "Kovanova, Baira"]
[Result "1/2-1/2"]
[WhiteElo "2524"]
[BlackElo "2380"]
[PlyCount "95"]
[EventDate "2010.12.02"]
[EventType "match"]
[EventRounds "6"]
[EventCountry "TUR"]
[Source "lmi"]
[SourceDate "2010.12.02"]

1. d4 Nf6 2. c4 e6 3. g3 Bb4+ 4. Bd2 c5 5. Bxb4 cxb4 6. Bg2 O-O 7. e4 d6 8. Ne2
Nc6 9. O-O a5 10. a3 Qb6 11. axb4 Qxb4 12. Na3 Bd7 13. Qd3 Qb6 14. h3 e5 15.
Rfd1 Rfc8 16. Rab1 a4 17. Kh2 exd4 18. Nxd4 Qc5 19. Kg1 Ra6 20. Nxc6 Bxc6 21.
Qxd6 Nxe4 22. Bxe4 Qxd6 23. Bxh7+ Kxh7 24. Rxd6 Re8 25. g4 Ra5 26. Nc2 f5 27.
Nd4 fxg4 28. hxg4 Rc5 29. Rc1 Be4 30. Rc3 Bc6 31. Kf1 Kg8 32. Kg1 Kh7 33. Rc1
Be4 34. Rc3 Bc6 35. Kf1 Kg8 36. f3 Rc8 37. Nxc6 bxc6 38. Kf2 Rb8 39. Rd2 Rb4
40. Rdc2 Kf7 41. Ke3 Re5+ 42. Kd3 Kf6 43. Rf2 c5 44. Kc2 Re1 45. Rd2 Re5 46.
Rf2 Re1 47. Rd2 Re5 48. Rf2 1/2-1/2

[Event "Campeonato del Mundo Femenino 2010"]
[Site "Antakya TUR"]
[Date "2010.12.07"]
[Round "21.11"]
[White "Hoang Thanh Trang"]
[Black "Lahno, Kateryna"]
[Result "1/2-1/2"]
[WhiteElo "2473"]
[BlackElo "2522"]
[PlyCount "65"]
[EventDate "2010.12.02"]
[EventType "match"]
[EventRounds "6"]
[EventCountry "TUR"]
[Source "lmi"]
[SourceDate "2010.12.02"]

1. Nf3 Nf6 2. c4 c5 3. g3 g6 4. Bg2 Bg7 5. O-O O-O 6. Nc3 d5 7. cxd5 Nxd5 8.
Nxd5 Qxd5 9. d3 Nc6 10. Be3 Bd7 11. Nd4 Qd6 12. Nxc6 Bxc6 13. Bxc6 Qxc6 14. Rc1
Qe6 15. Rxc5 Qxa2 16. Rb5 b6 17. Qa1 Qe6 18. Qa6 h5 19. Rb4 Bf6 20. Ra1 Kg7 21.
h4 Qd6 22. Qb5 Rfc8 23. Rc4 Qe6 24. Rac1 Rxc4 25. Rxc4 a6 26. Qxb6 Qxb6 27.
Bxb6 Bxb2 28. Ba5 Bf6 29. Rc6 e6 30. e3 Bd8 31. Bxd8 Rxd8 32. Rxa6 Rxd3 33. Kg2
1/2-1/2

[Event "Campeonato del Mundo Femenino 2010"]
[Site "Antakya TUR"]
[Date "2010.12.07"]
[Round "21.12"]
[White "Cmilyte, Viktorija"]
[Black "Paehtz, Elisabeth"]
[Result "0-1"]
[WhiteElo "2514"]
[BlackElo "2474"]
[PlyCount "92"]
[EventDate "2010.12.02"]
[EventType "match"]
[EventRounds "6"]
[EventCountry "TUR"]
[Source "lmi"]
[SourceDate "2010.12.02"]

1. c4 d6 2. Nc3 Nd7 3. g3 g6 4. Nf3 Bg7 5. Bg2 e5 6. d4 Ne7 7. O-O O-O 8. e4
exd4 9. Nxd4 Nc6 10. Nde2 a5 11. Rb1 Nc5 12. Be3 a4 13. f4 Be6 14. Nd5 Bg4 15.
h3 Bxe2 16. Qxe2 Re8 17. e5 Nd7 18. Qf2 dxe5 19. f5 Nd4 20. f6 Bf8 21. Bg5 Bc5
22. Kh2 Ne6 23. Be3 c6 24. Bxc5 Ndxc5 25. Qe3 Kh8 26. Qh6 Qd6 27. Ne7 Rad8 28.
Rbd1 Qxd1 29. Rxd1 Rxd1 30. h4 Nd7 31. Bh3 Nxf6 32. Bxe6 Rd6 33. Nxg6+ fxg6 34.
Bh3 Rd4 35. Qg5 Kg7 36. b3 axb3 37. axb3 e4 38. Qe3 Rd3 39. Qb6 Re7 40. Qc5 Kf7
41. h5 Rd2+ 42. Kg1 e3 43. hxg6+ hxg6 44. Bf1 e2 45. Bxe2 Rexe2 46. Kf1 Ng4 0-1

[Event "Campeonato del Mundo Femenino 2010"]
[Site "Antakya TUR"]
[Date "2010.12.07"]
[Round "21.16"]
[White "Ruan, Lufei"]
[Black "Zhang, Xiaowen"]
[Result "1-0"]
[WhiteElo "2480"]
[BlackElo "2339"]
[PlyCount "107"]
[EventDate "2010.12.02"]
[EventType "match"]
[EventRounds "6"]
[EventCountry "TUR"]
[Source "lmi"]
[SourceDate "2010.12.02"]

1. e4 e6 2. d4 d5 3. Nc3 Nf6 4. Bg5 dxe4 5. Nxe4 Nbd7 6. Nf3 h6 7. Nxf6+ Nxf6
8. Be3 Nd5 9. Bd3 Nxe3 10. fxe3 Bd6 11. e4 c5 12. e5 Be7 13. Qe2 Qa5+ 14. c3
Bd7 15. O-O Bc6 16. a3 Qb6 17. b4 cxd4 18. Nxd4 O-O 19. Kh1 a6 20. Qg4 Rad8 21.
Rae1 Bb5 22. Bxb5 axb5 23. Re3 Kh8 24. Ref3 Qc7 25. Qe4 Qd7 26. Rxf7 Bxb4 27.
Qg6 Rxf7 28. Rxf7 Qxf7 29. Qxf7 Rf8 30. Qxf8+ Bxf8 31. Nxb5 Kg8 32. a4 b6 33.
g4 g5 34. Nd4 Kf7 35. Kg2 Bg7 36. Nf3 Ke7 37. Kf2 Kd7 38. Ke3 Bf8 39. Kd4 Kc6
40. Kc4 Bg7 41. h3 Bh8 42. Nd4+ Kb7 43. Nxe6 Bxe5 44. Nd4 Ka6 45. Nf5 Ka5 46.
Kb3 b5 47. axb5 Kxb5 48. Nxh6 Kc5 49. Nf5 Kd5 50. Kb4 Ke4 51. c4 Kf3 52. c5 Kg2
53. c6 Kxh3 54. Nh6 1-0

[Event "Campeonato del Mundo Femenino 2010"]
[Site "Antakya TUR"]
[Date "2010.12.08"]
[Round "22.2"]
[White "Houska, Jovanka"]
[Black "Koneru, Humpy"]
[Result "1/2-1/2"]
[WhiteElo "2421"]
[BlackElo "2600"]
[PlyCount "110"]
[EventDate "2010.12.02"]
[EventType "match"]
[EventRounds "6"]
[EventCountry "TUR"]
[Source "lmi"]
[SourceDate "2010.12.02"]

1. d4 d5 2. Nf3 Nf6 3. c4 e6 4. cxd5 exd5 5. Qc2 c6 6. Nc3 Be7 7. Bg5 g6 8. e3
Bf5 9. Bd3 Bxd3 10. Qxd3 Nbd7 11. Bh6 Bf8 12. Bf4 Be7 13. h3 O-O 14. O-O Re8
15. Rab1 a5 16. a3 a4 17. Bh2 Bf8 18. Qc2 b5 19. Rbe1 Rc8 20. Nd2 Nb6 21. Bg3
Nh5 22. Be5 Bd6 23. Bxd6 Qxd6 24. e4 Nf4 25. e5 Qd7 26. Ne2 Nxe2+ 27. Rxe2 Nc4
28. Nf3 c5 29. Qd3 b4 30. dxc5 bxa3 31. bxa3 Rxc5 32. Rfe1 Rb5 33. Qd4 Qe7 34.
Nd2 Nxd2 35. Qxa4 Rb2 36. Qd4 Qxa3 37. Rxd2 Rxd2 38. Qxd2 Qc5 39. Rc1 Qe7 40.
f4 Qa7+ 41. Qf2 Qxf2+ 42. Kxf2 g5 43. g3 gxf4 44. gxf4 f6 45. exf6 Kf7 46. Rc7+
Kxf6 47. Rxh7 d4 48. Kf3 Rd8 49. Rh6+ Kf5 50. Rh5+ Kf6 51. Ke2 d3+ 52. Kd2 Rd4
53. Rh6+ Kf5 54. Rh5+ Kxf4 55. Rh4+ Ke5 1/2-1/2

[Event "Campeonato del Mundo Femenino 2010"]
[Site "Antakya TUR"]
[Date "2010.12.08"]
[Round "22.3"]
[White "Hou, Yifan"]
[Black "Romanko, Marina"]
[Result "1/2-1/2"]
[WhiteElo "2591"]
[BlackElo "2414"]
[PlyCount "74"]
[EventDate "2010.12.02"]
[EventType "match"]
[EventRounds "6"]
[EventCountry "TUR"]
[Source "lmi"]
[SourceDate "2010.12.02"]

1. e4 c5 2. Nf3 Nf6 3. e5 Nd5 4. Nc3 Nxc3 5. dxc3 h6 6. Be3 e6 7. Nd2 d5 8.
exd6 Qxd6 9. Qh5 Qd5 10. Qxd5 exd5 11. Nb3 b6 12. O-O-O Be6 13. Bb5+ Ke7 14.
Be2 Nd7 15. Bf3 Nf6 16. c4 Rd8 17. cxd5 Nxd5 18. Bd2 g6 19. c4 Nb4 20. Bxb4
cxb4 21. Nd4 Rc8 22. b3 Kf6 23. Nxe6 fxe6 24. Rd7 a5 25. Rhd1 Bc5 26. Be4 h5
27. R7d3 h4 28. f4 Rc7 29. Kd2 Ra7 30. Bc6 Rc8 31. Bd7 Rd8 32. Ke2 g5 33. fxg5+
Kxg5 34. Bc6 Rxd3 35. Rxd3 e5 36. Rd7 Rxd7 37. Bxd7 Bg1 1/2-1/2

[Event "Campeonato del Mundo Femenino 2010"]
[Site "Antakya TUR"]
[Date "2010.12.08"]
[Round "22.7"]
[White "Muzychuk, Anna"]
[Black "Ovod, Evgenija"]
[Result "1/2-1/2"]
[WhiteElo "2530"]
[BlackElo "2387"]
[PlyCount "200"]
[EventDate "2010.12.02"]
[EventType "match"]
[EventRounds "6"]
[EventCountry "TUR"]
[Source "lmi"]
[SourceDate "2010.12.02"]

1. e4 c6 2. d4 d5 3. Nc3 dxe4 4. Nxe4 Bf5 5. Ng3 Bg6 6. Nf3 Nd7 7. Bd3 e6 8.
O-O Ngf6 9. Re1 Be7 10. c4 O-O 11. Bxg6 hxg6 12. Bf4 b5 13. b3 Nb6 14. Qe2 bxc4
15. bxc4 Qc8 16. Rac1 Qa6 17. Ne5 Ba3 18. Rc2 c5 19. dxc5 Bxc5 20. h4 Qa4 21.
Bg5 Bd4 22. Nf3 Bc5 23. Ne5 Nbd7 24. Nxd7 Nxd7 25. Ne4 Rfc8 26. Nxc5 Rxc5 27.
Rd1 Nb6 28. Rdc1 Rac8 29. Be3 Rxc4 30. Rxc4 Rxc4 31. Rxc4 Nxc4 32. Bxa7 Nd6 33.
Bb8 Nf5 34. g3 Nd4 35. Qd3 Qxa2 36. Be5 Qa1+ 37. Kh2 Nf3+ 38. Qxf3 Qxe5 39. Qc6
Qf5 40. Qe8+ Kh7 41. Kg1 e5 42. Qe7 f6 43. Qe8 Qb1+ 44. Kg2 Qe4+ 45. Kg1 Qe2
46. Qe6 Qf3 47. Qe8 Qg4 48. Kg2 Qd1 49. Qe6 Qd3 50. Qe8 Qf5 51. Kg1 Qb1+ 52.
Kg2 Qc1 53. Qe6 Qc7 54. Qe8 Qd6 55. Kg1 f5 56. Qb5 Qf6 57. Qd5 f4 58. gxf4 Qxf4
59. Qd8 Qf6 60. Qe8 Qd6 61. Kg2 Qd5+ 62. f3 Qd2+ 63. Kg3 Qe3 64. Kg2 Qf4 65.
Qe7 g5 66. hxg5 Kg6 67. Qd6+ Kxg5 68. Qd8+ Qf6 69. Qd7 Qg6 70. Kf2 Qb6+ 71. Kg2
Kf6 72. Qd5 Qb2+ 73. Kg3 Qb6 74. Kg2 Qd4 75. Qc6+ Kg5 76. Qb7 Qd2+ 77. Kh3 Kh6
78. Qc6+ g6 79. Qf6 Qf4 80. Qc6 Kh5 81. Qa8 Qh4+ 82. Kg2 Qg5+ 83. Kh3 Qf6 84.
Kg3 g5 85. Qe8+ Kh6 86. Kg2 g4 87. fxg4 Kg5 88. Qh5+ Kf4 89. Qf5+ Qxf5 90. gxf5
Kxf5 91. Kf3 e4+ 92. Ke3 Ke5 93. Ke2 Kd4 94. Kd2 e3+ 95. Ke2 Ke4 96. Ke1 Kf4
97. Ke2 Ke4 98. Ke1 Kd3 99. Kd1 e2+ 100. Ke1 Ke3 1/2-1/2

[Event "Campeonato del Mundo Femenino 2010"]
[Site "Antakya TUR"]
[Date "2010.12.08"]
[Round "22.9"]
[White "Harika, Dronavalli"]
[Black "Shadrina, Tatiana"]
[Result "1-0"]
[WhiteElo "2525"]
[BlackElo "2384"]
[PlyCount "89"]
[EventDate "2010.12.02"]
[EventType "match"]
[EventRounds "6"]
[EventCountry "TUR"]
[Source "lmi"]
[SourceDate "2010.12.02"]

1. Nf3 Nf6 2. c4 e6 3. Nc3 c5 4. g3 Be7 5. Bg2 O-O 6. O-O a6 7. e4 d6 8. d4
cxd4 9. Nxd4 Qc7 10. b3 Nc6 11. Bb2 Bd7 12. Rc1 Qa5 13. Qd2 Rac8 14. Rfd1 Qh5
15. Qe2 Qg6 16. Nxc6 Bxc6 17. Ba3 Rfd8 18. e5 Nh5 19. Bxc6 Rxc6 20. Ne4 Nf4 21.
Qe3 Nh3+ 22. Kg2 Bg5 23. Nxg5 Nxg5 24. Bxd6 f6 25. Bb4 Rcc8 26. h4 Ne4 27. exf6
gxf6 28. Be7 Re8 29. Rd7 f5 30. Rcd1 e5 31. Ba3 b5 32. Qd3 bxc4 33. bxc4 Kh8
34. Bd6 Qe6 35. Qd5 Qxd5 36. cxd5 Rc2 37. Rb1 Nf6 38. Rf7 Rxf2+ 39. Kxf2 Ne4+
40. Kg2 Nxd6 41. Rd7 Nb5 42. a4 Nc3 43. Rbb7 e4 44. d6 e3 45. Rxh7+ 1-0

[Event "Campeonato del Mundo Femenino 2010"]
[Site "Antakya TUR"]
[Date "2010.12.08"]
[Round "22.10"]
[White "Kovanova, Baira"]
[Black "Ju, Wenjun"]
[Result "0-1"]
[WhiteElo "2380"]
[BlackElo "2524"]
[PlyCount "78"]
[EventDate "2010.12.02"]
[EventType "match"]
[EventRounds "6"]
[EventCountry "TUR"]
[Source "lmi"]
[SourceDate "2010.12.02"]

1. e4 c5 2. Nf3 d6 3. d4 cxd4 4. Nxd4 Nf6 5. Nc3 a6 6. g3 e5 7. Nde2 Nbd7 8. a4
b6 9. Bg2 Bb7 10. h3 h5 11. Bg5 Be7 12. O-O Rc8 13. Qd2 Nc5 14. Bxf6 Bxf6 15.
Rfd1 Be7 16. Nd5 Bxd5 17. Qxd5 h4 18. Nc3 O-O 19. Qd2 Ne6 20. Qd3 Nd4 21. Qxa6
hxg3 22. fxg3 Nxc2 23. Rac1 Ne3 24. Rd3 Bg5 25. Rb1 Rc6 26. Qb5 Qc8 27. h4 Bh6
28. Re1 Nc2 29. Nd5 Re8 30. Rf1 Nd4 31. Qb4 Rc2 32. Nc3 Qg4 33. Qxd6 Ne2+ 34.
Kh2 Nxg3 35. Rxg3 Qxh4+ 36. Rh3 Bf4+ 37. Rxf4 Qxf4+ 38. Rg3 Re6 39. Qd8+ Kh7
0-1